ARRUPE JESUIT UNIVERSITY

CORONAVIRUS -STOP THE SPREAD - CLEAN,DISINFECT,COVER

The life of Faustina Kowalska : (Record no. 128666)

MARC details
000 -LEADER
fixed length control field 01280pam a2200325 a 4500
001 - CONTROL NUMBER
control field 1684886
003 - CONTROL NUMBER IDENTIFIER
control field ARRUPE
005 - DATE AND TIME OF LATEST TRANSACTION
control field 20181127120831.0
008 - FIXED-LENGTH DATA ELEMENTS--GENERAL INFORMATION
fixed length control field 990201r19991987miua b 000 0beng
010 ## - LIBRARY OF CONGRESS CONTROL NUMBER
LC control number 99017574
020 ## - INTERNATIONAL STANDARD BOOK NUMBER
International Standard Book Number 1569551537 (alk. paper)
040 ## - CATALOGING SOURCE
Original cataloging agency DLC
Transcribing agency DLC
Modifying agency DLC
043 ## - GEOGRAPHIC AREA CODE
Geographic area code e-pl---
050 00 - LIBRARY OF CONGRESS CALL NUMBER
Classification number BX4700.F266
Item number S621 1999
082 00 - DEWEY DECIMAL CLASSIFICATION NUMBER
Classification number 271/.9202
-- B
Edition number 21
300 ## - PHYSICAL DESCRIPTION
Other physical details ill. ;
Dimensions 21 cm.
100 0# - MAIN ENTRY--PERSONAL NAME
Personal name Sophia Michalenko,
Titles and other words associated with a name Sister.
9 (RLIN) 43676
245 14 - TITLE STATEMENT
Title The life of Faustina Kowalska :
Remainder of title the authorized biography /
Statement of responsibility, etc Sister Sophia Michalenko.
260 ## - PUBLICATION, DISTRIBUTION, ETC. (IMPRINT)
Place of publication, distribution, etc Michigan. :
Name of publisher, distributor, etc St. Pauls,
Date of publication, distribution, etc c1999.
300 ## - PHYSICAL DESCRIPTION
Extent 271 p. :
500 ## - GENERAL NOTE
General note Originally published: Mercy my mission. Stockbridge, Mass. : Marian Press, 1987.
504 ## - BIBLIOGRAPHY, ETC. NOTE
Bibliography, etc Includes bibliographical references (p. 279).
600 00 - SUBJECT ADDED ENTRY--PERSONAL NAME
Personal name Faustina,
Titles and other words associated with a name Saint,
Dates associated with a name 1905-1938.
9 (RLIN) 43677
906 ## - LOCAL DATA ELEMENT F, LDF (RLIN)
a 7
b cbc
c orignew
d 1
e ocip
f 19
g y-gencatlg
942 ## - ADDED ENTRY ELEMENTS (KOHA)
Source of classification or shelving scheme Library of Congress Classification
Koha item type Monograph ( Printed materials)
Holdings
Withdrawn status Lost status Source of classification or shelving scheme Damaged status Not for loan Collection code Home library Current library Shelving location Date acquired Total Checkouts Full call number Barcode Date last seen Date checked out Price effective from Koha item type
    Library of Congress Classification     Main Collection ARRUPE LIBRARY ARRUPE LIBRARY Main Collection 27/11/2018 1 BX4700.F266 M621 1999 46600002687 27/01/2020 20/01/2020 27/11/2018 Monograph ( Printed materials)

 

Arrupe Library. PO Box MP320 Mt Pleasant, Harare, Zimbabwe
263 242 745411|librarian@aju.ac.zw